Central Library OPAC University of Rajshahi

Useful Exercises for IELTS/ (Record no. 38266)

MARC details
000 -LEADER
fixed length control field 00698nam a2200229 a 4500
001 - CONTROL NUMBER
control field 38266
003 - CONTROL NUMBER IDENTIFIER
rucl marc code (BD-RjUL)
005 - DATE AND TIME OF LATEST TRANSACTION
control field 20211209052748.0
008 - FIXED-LENGTH DATA ELEMENTS--GENERAL INFORMATION
fixed length control field 151019b20032007ii ||||g |||| 00| 0 eng d
020 ## - INTERNATIONAL STANDARD BOOK NUMBER
International Standard Book Number 8190115928
035 ## - SYSTEM CONTROL NUMBER
System control number (BD-RjUL)38371
040 ## - CATALOGING SOURCE
Original cataloging agency BD-RjUL
Language of cataloging eng
041 ## - LANGUAGE CODE
Language code of text/sound track or separate title eng
082 ## - DEWEY DECIMAL CLASSIFICATION NUMBER
Edition number 23
Classification number 428.24076
Author mark and year ADI 2003
100 ## - MAIN ENTRY--PERSONAL NAME
Personal name Adams, Garry.
9 (RLIN) 118295
245 ## - TITLE STATEMENT
Title Useful Exercises for IELTS/
Statement of responsibility, etc. Garry Adams & Terry Peck.
Number of part/section of a work 202
Name of part/section of a work Listening, reading, writing
250 ## - EDITION STATEMENT
Edition statement International Edition
260 ## - PUBLICATION, DISTRIBUTION, ETC. (IMPRINT)
Place of publication, distribution, etc. India :
Name of publisher, distributor, etc. mk book distributors
Date of publication, distribution, etc. 2003
300 ## - PHYSICAL DESCRIPTION
Pagination 128p. :
Illustrations ill. ;
Size 28 cm. +
Accompanying material 2 sound discs (digital ; 4 3/4 in.)
700 ## - ADDED ENTRY--PERSONAL NAME
Personal name Peck, Terry.
942 ## - ADDED ENTRY ELEMENTS (KOHA)
Source of classification or shelving scheme Dewey Decimal Classification
Koha item type Audio Visual (AV) Materials
Holdings
Lost status Source of classification or shelving scheme Damaged status Not for loan Permanent Location Current Location Shelving location Date acquired Cost, normal purchase price Total Checkouts Full call number Date last seen Copy number Koha item type
  Dewey Decimal Classification   Not For Loan Central Library, University of Rajshahi Central Library, University of Rajshahi Audio Visual Section 19/10/2015 390.00   AV 428.24076 ADI 2003 19/10/2015 C.1 Audio Visual (AV) Materials